00608nam a2200205 a 4500001001300000003000900013005001700022008004100039020002400080082001900104100001800123245005600141260005000197300000900247500003500256505002400291650003700315650003200352700001800384nice12345678IN_TiNIC20260116013100.0050524s1995 cama grp 000 0 eng  a0521527 c277500a232.09015bWAL aWallis, Ian G aFaith of Jesus Christ in Early Christian Traditions aCambridge bCambridge University Press c1995 a281p aincludes index and biblioraphy2 aIndex, Bibliography aJesus Christ-History of Doctrine aJesus Christ-Spiritual Life1 aWallis, Ian G